Best General Knowledge #3 - Statistics

General Stats
  • This quiz has been taken 34 times
  • The average score is 9 of 20
Answer Stats
Hint Answer % Correct
Capital city of Australia Canberra
90%
From what grain is the Japanese drink Sake made? Rice
79%
Gouda is a popular cheese originating from which country? Netherlands
76%
How many are the “Channel islands”? 8
72%
What tennis grand slam is played on grass surface? Wimbledon
72%
What is the city with the highest population? Tokyo
62%
In what year did the Beatles split up? 1970
59%
Phobophobia is the fear of what? Fear
48%
At which venue is the British Grand Prix held? Silverstone
48%
How many keys are there on a piano? 88
41%
What type of race is held at the Epsom Derby? Horse race
38%
When was Julius Caesar killed? 44 B.C.
28%
What is the name for a compound only made from hydrogen and carbon Hydrocarbon
28%
What did the French call the English Channel? Manche
28%
Glossectomy is the removal of which body part? Tongue
28%
Who won the 1969 NBA Finals? Boston Celtics
24%
What company was sued in 2012 by France for stealing information? Google
21%
In what part of the body would you find circular and radial muscles? Eye
14%
Name the first actor to play Dumbledore in the Harry Potter films? Richard Harris
14%
Currency of Denmark Danish Krone
10%
No matching quizzes found
Score Distribution
Percent of People with Each Score
Percentile by Number Answered
Your Score History
You have not taken this quiz